00362aam a2200133 450000500170000000800410001704100140005808200170007224500640008926000280015330000190018165000150020065000130021520161115135847.0150608b xxu||||| |||| 00| 0 spa d aEspañol a972.86 A345o aEl album de Figueroa: un viaje por las páginas del tiempo aCosta RicabEUNEDc2011 a256 páginas  aCOSTA RICA aHISTORIA